Estimated “actual” depreciation of public utility properties (Registro nro. 324281)

Detalles MARC
000 -ENCABEZADO
Número de control [NR] 01975nam a22002537a 4500
005 - FECHA Y HORA DE LA ÚLTIMA TRANSACCIÓN
control field 20240604104002.0
008 - DE LONGITUD FIJA DE DATOS DE ELEMENTOS - INFORMACIÓN GENERAL
Elementos de longitud fija [NR] 240604s1940 xxu||||f |||| 00| 0 eng d
040 ## - FUENTE DE CATALOGACION [NR]
Quien Cataloga Sandra Yazo
Quien Clasifica Sandra Yazo
082 04 - NUMERO DE CLASIFICACION DECIMAL DEWEY [R]
Número de la edición [NR] 20
Número de clasificación [R] 657
092 ## - SIGNATURA TOPOGRAFICA LOCAL
Número de clasificación local E53N064
100 1# - ASIENTO PRINCIPAL--NOMBRE PERSONAL [NR]
Nombre personal [NR] Leerburger, Franklin Jefferson
Fechas asociadas con el nombre [NR] 1902-
ID Autoridad 181112
242 00 - TRADUCCION DEL TITULO POR LA AGENCIA CATALOGADORA [R]
Título [NR] Depreciación estimada actual de las propiedades de uso público
Mención de responsabilidad, etc. [NR] por Franklin Jefferson Leerburge
Código de idioma del título traducido [NR] spa
245 10 - MENCION DE TITULO [NR]
Título [NR] Estimated “actual” depreciation of public utility properties
Mención de responsabilidad, etc. [NR] by Franklin Jefferson Leerburger
260 ## - PUBLICACION, DISTRIBUCION, ETC. (PIE DE IMPRENTA) [R]
Lugar de publicación, distribución, etc. [R] New York (Estados Unidos)
Nombre del editor, distribuidor, etc. [R] [Editorial desconocida]
Fecha de publicación, distribución, etc. [R] 1940
300 ## - DESCRIPCION FISICA [R]
Extensión [R] vii, 89, [1] páginas
Dimensiones [R] 23 x 15 cm
500 ## - NOTA GENERAL [R]
Nota general [NR] Detalles físicos: Encuadernación rígida. Cartón forrado en tela. Lomo con letras en dorado. Tapa delantera con grabado en dorado. Guardas. Portada impresa en una sola tinta. Índice. Texto impreso en una sola columna, con diferentes tipos y tamaños de letra. Notas de pie de página. Márgenes amplios. Fórmulas matemáticas. Cuadros y tablas. Bibliografía. Página 5 con arruga de origen. Esquinas inferiores de las tapas, dobladas.
505 0# - NOTA DE CONTENIDO CON FORMATO PREESTABLECIDO [R]
Nota de contenido con formato preestablecido [NR] El problema de la depreciación y sus antecedentes ; Métodos actuales para tratar la depreciación ; Discusión de la consistencia de la depreciación anual y la acumulada ; Implicaciones del término depreciación ; El concepto de depreciación como elemento de los costos totales de producción ; La depreciación como factor determinante de las relaciones entre la utilidad pública y sus consumidores ; Comparación de algunos aspectos de los negocios de beneficio público con los estándares de competitividad ; Depreciación actual estimada ; La depreciación anual ; Conclusiones ; Bibliografía
506 ## - NOTA DE RESTRICCIONES DE ACCESO [R]
Condiciones de acceso [NR] Consulta en sala
546 ## - NOTA DE IDIOMA [R]
Nota de idioma [NR] Texto en inglés
650 #7 - ASIENTO SECUNDARIO DE MATERIA - TERMINO TEMATICO [R]
9 (RLIN) 12667
Término temático o nombre geográfico como elemento de entrada [NR] Depreciación (Contabilidad)
650 #7 - ASIENTO SECUNDARIO DE MATERIA - TERMINO TEMATICO [R]
9 (RLIN) 10072
Término temático o nombre geográfico como elemento de entrada [NR] Bienes públicos
690 ## - ASUNTO AGREGADO LOCAL DE ENTRADA - TÉRMINO TEMÁTICO (OCLC, RLIN)
Acceso temático local Contabilidad
9 (RLIN) 7449
942 ## - ELEMENTOS DE ENTRADA AGREGADOS (KOHA)
Sistema de clasificación LOCAL
Tipo de ítem principal el descrito en 300a Libro
Edición 1
Clasificación E53N064
Existencias
Suprimido Perdido Sistema de clasificación Dañado No prestable Tipo de ítem específico Ubicación habitual Ubicación actual Localización Fecha de creación Forma de adquisición Costo Total préstamos Signatura topográfica Código de barras Última vez visto Ejemplar Price effective from Tipo de ítem
    LOCAL     Libro archivo Archivo Histórico Archivo Histórico Archivo histórico 04/06/2024 Donación 0.00   E53N064 L007097 04/06/2024 Ej.1 04/06/2024 Libro